Criminology and penology / (Record no. 67967)

MARC details
000 -LEADER
fixed length control field 00648nam a22001817a 4500
005 - DATE AND TIME OF LATEST TRANSACTION
control field 20120615114113.0
020 ## - INTERNATIONAL STANDARD BOOK NUMBER
Terms of availability Rs.250.00 (pbk)
035 ## - SYSTEM CONTROL NUMBER
System control number B-98756
037 ## - SOURCE OF ACQUISITION
Stock number DPL
Source of stock number/acquisition ENG
100 ## - MAIN ENTRY--PERSONAL NAME
Personal name Paranjape, N.V.
245 ## - TITLE STATEMENT
Title Criminology and penology /
Statement of responsibility, etc by N.V. Paranjape
250 ## - EDITION STATEMENT
Edition statement 12th ed.
260 ## - PUBLICATION, DISTRIBUTION, ETC. (IMPRINT)
Place of publication, distribution, etc Allahabad
Name of publisher, distributor, etc Central Law Publications
Date of publication, distribution, etc 2005
300 ## - PHYSICAL DESCRIPTION
Extent xxviii, 660p.
Dimensions 20 cms.
942 ## - ADDED ENTRY ELEMENTS (KOHA)
Source of classification or shelving scheme Dewey Decimal Classification
Item type English Books
Classification part 364
Call number suffix PAR
Holdings
Withdrawn status Lost status Not for loan Collection code Home library Current library Date acquired Cost, normal purchase price Full call number Barcode Cost, replacement price Koha item type Public note
Binding     Non-fiction Sarojini Nagar Sarojini Nagar 15/06/2012 250.00 364 PAR B-98756 250.00 English Books Withdrawn List Prepared List No.5/20
      Non-fiction Sarojini Nagar Sarojini Nagar 15/06/2012 250.00 364 PAR B-119951 250.00 English Books  

© Delhi Public Library
Hit Counter
free hit counter